000 00823pam a2200241 a 4500
001 1581162
005 20171214072339.0
008 931214s1994 nyua b 001 0 eng
010 _a 93046394
020 _a0465016626 :
_c$26.00 ($36.75 Can.)
040 _aDLC
_cDLC
_dDLC
041 _aeng
043 _an-us---
080 _a306.874 LAR
082 0 0 _a306.874 LAR
_220
100 1 _a48
101 _aPSI
245 1 0 _aDivergent realities :
_cReed Larson and Maryse H. Richards.
504 _aIncludes bibliographical references (p. 299-326) and index.
906 _a7
_bcbc
_corignew
_d1
_eocip
_f19
_gy-gencatlg
942 _2ddc
_cBK
999 _c38932
_d38932